[Event "Midland Ch Forrest Cup"]
[Site "Derby"]
[Date "1989.03.11"]
[Round "2"]
[White "Southall, Andrew C"]
[Black "Baker, Chris W"]
[Result "1/2-1/2"]
[WhiteElo "1912"]
[BlackElo "2376"]
[PlyCount "100"]
[EventDate "1989.03.10"]
[EventType "swiss"]
[EventRounds "6"]
[EventCountry "ENG"]
[SourceTitle "BritBase"]
[Source "John Saunders"]
[SourceDate "2022.11.28"]
[SourceVersion "1"]
[SourceVersionDate "2022.08.23"]
[SourceQuality "1"]

1. e4 c5 2. d4 cxd4 3. c3 Nf6 4. e5 Nd5 5. cxd4 e6 6. Nf3 b6 7. a3 Qc7 8. Bd3
Be7 9. O-O Ba6 10. b4 O-O 11. b5 Bb7 12. Ra2 f5 13. exf6 Bxf6 14. Rc2 Qd6 15.
Nbd2 a6 16. Ne4 Qe7 17. a4 axb5 18. axb5 Ra1 19. Qe2 Nb4 20. Rc7 Nxd3 21. Qxd3
Bd5 22. Nxf6+ Qxf6 23. Ba3 Rxf1+ 24. Kxf1 Qf4 25. Qc3 d6 26. Rc8 Nd7 27. Rxf8+
Nxf8 28. h3 h6 29. Kg1 Bxf3 30. gxf3 Qg5+ 31. Kh2 Qxb5 32. Bxd6 Qd7 33. Qb4 Nh7
34. Qxb6 Ng5 35. f4 Ne4 36. Qb8+ Kf7 37. Qc7 Qxc7 38. Bxc7 Nxf2 39. Kg2 Ne4 40.
Kf3 Nc3 41. Be5 g5 42. fxg5 hxg5 43. Kg4 Kg6 44. Bh8 Ne4 45. Be5 Nf2+ 46. Kg3
Nd3 47. Kg4 Nf2+ 48. Kg3 Nd1 49. Kg4 Ne3+ 50. Kf3 Nd5 {... "after 30 more
moves (no captures or P moves) a draw agreed" (bulletin)} 1/2-1/2

[Event "Midland Ch Forrest Cup"]
[Site "Derby"]
[Date "1989.03.11"]
[Round "2"]
[White "Waddingham, Graham A"]
[Black "Bowler, A."]
[Result "1-0"]
[WhiteElo "2328"]
[BlackElo "1960"]
[PlyCount "65"]
[EventDate "1989.03.10"]
[EventType "swiss"]
[EventRounds "6"]
[EventCountry "ENG"]
[SourceTitle "BritBase"]
[Source "John Saunders"]
[SourceDate "2022.11.28"]
[SourceVersion "1"]
[SourceVersionDate "2022.08.23"]
[SourceQuality "1"]

1. e4 Nc6 2. d4 d5 3. e5 Bf5 4. Ne2 e6 5. Ng3 Bg6 6. a3 f6 7. f4 Nh6 8. Bb5 Qd7
9. O-O O-O-O 10. Be3 a6 11. Be2 Ne7 12. Nd2 Nef5 13. Bf2 Nxg3 14. hxg3 Be4 15.
b4 Qa4 16. Nxe4 dxe4 17. c3 Qd7 18. Qb3 f5 19. a4 Re8 20. Rfd1 Nf7 21. d5 exd5
22. Rxd5 Qe6 23. Bc4 Qh6 24. b5 a5 25. b6 cxb6 26. Bxb6 Nd8 27. Rxa5 Nc6 28.
Ra8+ Nb8 29. Ba7 Kc7 30. e6 Nd7 31. Rxe8 Bc5+ 32. Bxc5 Nxc5 33. Re7+ 1-0

[Event "Midland Ch Forrest Cup"]
[Site "Derby"]
[Date "1989.03.11"]
[Round "3"]
[White "Baker, Chris W"]
[Black "Kitson, Peter R"]
[Result "1-0"]
[WhiteElo "2376"]
[BlackElo "1968"]
[PlyCount "35"]
[EventDate "1989.03.10"]
[EventType "swiss"]
[EventRounds "6"]
[EventCountry "ENG"]
[SourceTitle "BritBase"]
[Source "John Saunders"]
[SourceDate "2022.11.28"]
[SourceVersion "1"]
[SourceVersionDate "2022.08.23"]
[SourceQuality "1"]

1. e4 e5 2. Nf3 Nc6 3. Bb5 a6 4. Ba4 d6 5. c3 f5 6. exf5 Bxf5 7. O-O Bd3 8. Qb3
b5 9. Qd5 Nd4 10. cxd4 Bxf1 $2 (10... Ne7 $1 11. Qe6 Bxf1 12. Bb3 Bc4 $13) 11.
Qc6+ Ke7 12. Bb3 $18 Bc4 13. Bxc4 bxc4 14. dxe5 dxe5 15. b3 Nf6 16. Ba3+ Kf7
17. Nxe5+ Kg8 18. Qe6# 1-0

[Event "Midland Ch Forrest Cup"]
[Site "Derby"]
[Date "1989.03.11"]
[Round "3"]
[White "Bryce, Andrew"]
[Black "Buckley, Graeme N"]
[Result "1-0"]
[WhiteElo "2080"]
[BlackElo "2232"]
[PlyCount "108"]
[EventDate "1989.03.10"]
[EventType "swiss"]
[EventRounds "6"]
[EventCountry "ENG"]
[SourceTitle "BritBase"]
[Source "John Saunders"]
[SourceDate "2022.11.28"]
[SourceVersion "1"]
[SourceVersionDate "2022.08.23"]
[SourceQuality "1"]

1. f4 Nf6 2. Nf3 g6 3. e3 Bg7 4. Be2 O-O 5. O-O c5 6. d3 d5 7. Qe1 Nc6 8. a4
Qc7 9. Nc3 e5 10. Nxe5 Nxe5 11. fxe5 Qxe5 12. Bf3 Re8 13. Qh4 Be6 14. Bd2 g5
15. Qe1 g4 16. Bd1 Bd7 17. Ne2 Re6 18. Nf4 Rd6 19. Bc3 d4 20. exd4 Qxe1 21.
Bxe1 cxd4 22. c3 dxc3 23. bxc3 b5 24. axb5 Bxb5 25. c4 Bd7 26. Ra5 Ne8 27. Bf2
a6 28. c5 Rh6 29. d4 Nc7 30. Bb3 Rb8 31. Ba2 Bb5 32. Rc1 Rd8 33. d5 Be5 34. Be3
Rf6 35. g3 Ne8 36. d6 Kf8 37. Bc4 Ng7 38. Bxb5 axb5 39. Rxb5 Nf5 40. Nd3 Bxd6
41. Bg5 Be7 42. Bxf6 Bxf6 43. c6 Ne7 44. Nf4 Ke8 45. c7 Rc8 46. Nd5 Bd4+ 47.
Kf1 Nxd5 48. Rxd5 Bb6 49. Rg5 Rxc7 50. Rxc7 Bxc7 51. Rxg4 Kf8 52. Ke2 Bd8 53.
Kf3 h5 54. Rd4 Bc7 1-0

[Event "Midland Ch Forrest Cup"]
[Site "Derby"]
[Date "1989.03.11"]
[Round "3"]
[White "Burke, Steven J"]
[Black "Southall, Andrew C"]
[Result "1-0"]
[WhiteElo "2024"]
[BlackElo "1912"]
[PlyCount "67"]
[EventDate "1989.03.10"]
[EventType "swiss"]
[EventRounds "6"]
[EventCountry "ENG"]
[SourceTitle "BritBase"]
[Source "John Saunders"]
[SourceDate "2022.11.28"]
[SourceVersion "1"]
[SourceVersionDate "2022.08.23"]
[SourceQuality "1"]

1. d4 Nf6 2. Nf3 c5 3. c4 cxd4 4. Nxd4 g6 5. g3 Bg7 6. Bg2 O-O 7. O-O Nc6 8.
Nc3 Qb6 9. Nxc6 dxc6 10. Rb1 Bf5 11. e4 Bg4 12. Qc2 Rad8 13. Be3 Qc7 14. h3 Be6
15. b3 Qc8 16. Kh2 b6 17. Rbd1 Nh5 18. f4 Rxd1 19. Rxd1 Rd8 20. Rxd8+ Qxd8 21.
g4 Nf6 22. Qd2 Qc7 23. Kg1 a6 24. f5 Bd7 25. Na4 c5 26. Bf4 Qa7 27. e5 Ne8 28.
Nxb6 g5 29. Bxg5 Bxe5 30. Qxd7 Qb8 31. Nd5 Bd4+ 32. Kh1 Kg7 33. Bf4 Nd6 34.
Qxe7 1-0

[Event "Midland Ch Forrest Cup"]
[Site "Derby"]
[Date "1989.03.11"]
[Round "3"]
[White "Buxton, David E"]
[Black "Gilmore, Simon N"]
[Result "0-1"]
[WhiteElo "2032"]
[BlackElo "1960"]
[PlyCount "92"]
[EventDate "1989.03.10"]
[EventType "swiss"]
[EventRounds "6"]
[EventCountry "ENG"]
[SourceTitle "BritBase"]
[Source "John Saunders"]
[SourceDate "2022.11.28"]
[SourceVersion "1"]
[SourceVersionDate "2022.08.23"]
[SourceQuality "1"]

1. d4 Nf6 2. c4 g6 3. Nc3 d5 4. Bf4 Bg7 5. e3 O-O 6. Nxd5 Nxd5 7. cxd5 Qxd5 8.
Bxc7 Nc6 9. Nf3 Bf5 10. Rc1 Rac8 11. Bc4 Qe4 12. Bg3 Nxd4 13. Nxd4 Qxg2 14. Rf1
Rfd8 15. Bxf7+ Kxf7 16. Rxc8 Bxc8 17. Qb3+ Kf8 18. Bc7 Rxd4 19. exd4 Bh3 20.
Qd3 Qxf1+ 21. Qxf1 Bxf1 22. Kxf1 Bxd4 23. b3 Kf7 24. f4 Kf6 25. Ke2 Kf5 26. Kf3
a6 27. h3 b5 28. a4 Bc5 29. Ba5 b4 30. Bd8 h5 31. Bc7 Bd6 32. Bd8 Bxf4 33. Bxe7
Bd2 34. h4 Bc3 35. Bc5 g5 36. hxg5 Kxg5 37. Be7+ Kf5 38. Bh4 Bf6 39. Bf2 Be7
40. Be3 h4 41. Bf4 Ke6 42. Be3 Bd6 43. Kg4 Kd5 44. Kxh4 Ke4 45. Bg5 Kd3 46. Kg4
Kc2 0-1

[Event "Midland Ch Forrest Cup"]
[Site "Derby"]
[Date "1989.03.11"]
[Round "3"]
[White "Dicks, Duncan"]
[Black "Arkell, Keith C"]
[Result "0-1"]
[WhiteElo "2072"]
[BlackElo "2440"]
[PlyCount "84"]
[EventDate "1989.03.10"]
[EventType "swiss"]
[EventRounds "6"]
[EventCountry "ENG"]
[SourceTitle "BritBase"]
[Source "John Saunders"]
[SourceDate "2022.11.28"]
[SourceVersion "1"]
[SourceVersionDate "2022.08.23"]
[SourceQuality "1"]

1. e4 c5 2. Nc3 Nc6 3. f4 e6 4. Nf3 Nge7 5. b3 g6 6. Bb2 Bg7 7. e5 d6 8. Bb5
O-O 9. Bxc6 Nxc6 10. Qe2 Nd4 11. Nxd4 cxd4 12. Nb5 dxe5 13. fxe5 d3 14. cxd3
Bd7 15. Nd6 Qh4+ 16. g3 Qb4 17. O-O Bc6 18. Rf2 Rad8 19. Raf1 Rd7 20. Qe3 Qa5
21. Ne4 Bxe4 22. dxe4 Qxa2 23. d4 Qa5 24. Rc2 Qb6 25. Rc5 Rfd8 26. Rfc1 h5 27.
Qd3 a6 28. Qc4 Bh6 29. Rd1 Bf8 30. Rc8 Rxc8 31. Qxc8 Rc7 32. Qd8 Qxb3 33. Rd2
Qe3+ 34. Rf2 Rc2 35. Qf6 Rxf2 36. Qxf2 Qxe4 37. Qd2 a5 38. Qc3 Bh6 39. Kf2 a4
40. Ba3 Kh7 41. Bb4 b5 42. Bc5 h4 0-1

[Event "Midland Ch Forrest Cup"]
[Site "Derby"]
[Date "1989.03.11"]
[Round "3"]
[White "Escott, Keith L"]
[Black "Waddingham, Graham A"]
[Result "1/2-1/2"]
[WhiteElo "2064"]
[BlackElo "2328"]
[PlyCount "146"]
[EventDate "1989.03.10"]
[EventType "swiss"]
[EventRounds "6"]
[EventCountry "ENG"]
[SourceTitle "BritBase"]
[Source "John Saunders"]
[SourceDate "2022.11.28"]
[SourceVersion "1"]
[SourceVersionDate "2022.08.23"]
[SourceQuality "1"]

1. e4 e5 2. Nf3 Nc6 3. Bb5 a6 4. Bxc6 dxc6 5. d4 exd4 6. Qxd4 Qxd4 7. Nxd4 Bc5
8. Nb3 Be7 9. Be3 Nf6 10. f3 b6 11. N1d2 Bb7 12. O-O-O O-O-O 13. Nc4 Nd7 14.
Rd2 a5 15. Nd4 Bf6 16. Bf4 Nc5 17. Nf5 Ba6 18. Rxd8+ Rxd8 19. Ne5 Ne6 20. Bg3
Bg5+ 21. Kb1 Rd2 22. Nxf7 Rxg2 23. Nxg7 Nxg7 24. Nxg5 Nh5 25. Nxh7 Nxg3 26.
hxg3 Rxg3 27. Re1 Rxf3 28. Ng5 Rg3 29. Ne6 Bc4 30. Nd4 c5 31. Nf5 Rf3 32. b3
Be6 33. Ne3 c6 34. Re2 Rf4 35. Ng2 Rf1+ 36. Kb2 Kc7 37. Ne3 Rf4 38. Ng2 Rg4 39.
c4 b5 40. Kc3 Rg3+ 41. Ne3 Kd6 42. a4 bxa4 43. bxa4 Ke5 44. Kd2 Kd4 45. Nf5+
Bxf5 46. exf5 Rf3 47. Re6 Rxf5 48. Rxc6 Rf2+ 49. Kc1 Ra2 50. Ra6 Rxa4 51. Kb2
Kxc4 52. Ra8 Rb4+ 53. Ka3 Rb3+ 54. Ka2 Rb5 55. Ka3 Kc3 56. Rh8 Rb3+ 57. Ka4 Rb7
58. Rh3+ Kc4 59. Rh4+ Kd5 60. Rh5+ Kc6 61. Rh6+ Kc7 62. Rh7+ Kb6 63. Rxb7+ Kxb7
64. Kb5 $1 $11 a4 65. Kxa4 Ka6 66. Kb3 Kb5 67. Kc3 c4 68. Kc2 Kb4 69. Kb2 c3+
70. Kc2 Kc4 71. Kc1 Kb3 72. Kb1 c2+ 73. Kc1 Kc3 1/2-1/2

[Event "Midland Ch Forrest Cup"]
[Site "Derby"]
[Date "1989.03.11"]
[Round "3"]
[White "Khan, Tariq Ul-Alam"]
[Black "Alderson, Michael J"]
[Result "1-0"]
[WhiteElo "1920"]
[BlackElo "2048"]
[PlyCount "110"]
[EventDate "1989.03.10"]
[EventType "swiss"]
[EventRounds "6"]
[EventCountry "ENG"]
[SourceTitle "BritBase"]
[Source "John Saunders"]
[SourceDate "2022.11.28"]
[SourceVersion "1"]
[SourceVersionDate "2022.08.23"]
[SourceQuality "1"]

1. d4 g6 2. c4 Bg7 3. Nc3 d6 4. e4 e5 5. Nf3 exd4 6. Nxd4 Nc6 7. Be3 Nge7 8.
Be2 O-O 9. O-O f5 10. Nxc6 Nxc6 11. Qd2 Qe7 12. Nd5 Qf7 13. f3 Be6 14. Rac1 Ne5
15. f4 Nc6 16. exf5 Bxf5 17. Bf3 Rfe8 18. b4 Be4 19. b5 Bxf3 20. Rxf3 Nd8 21.
f5 gxf5 22. Rcf1 c6 23. Rxf5 Qe6 24. Nc7 Qxe3+ 25. Qxe3 Rxe3 26. Nxa8 Re7 27.
Rd1 Be5 28. b6 axb6 29. Nxb6 Ne6 30. Nc8 Rg7 31. Nxd6 Bd4+ 32. Kf1 Rd7 33. Ne4
Kg7 34. Ng5 Nxg5 35. Rxg5+ Kf6 36. Rg4 Ke5 37. Re1+ Kf5 38. h3 c5 39. Rge4 Rf7
40. g3 Kg6+ 41. Rf4 Rd7 42. Re6+ Kg7 43. Rfe4 Rf7+ 44. Rf4 Rd7 45. Ke2 Bc3 46.
Kf3 Bd2 47. Rf5 Bb4 48. Rd5 Rf7+ 49. Ke4 Rf2 50. Rd7+ Kf8 51. Rxb7 Rxa2 52.
Rf6+ Kg8 53. Rc6 Re2+ 54. Kd3 Rd2+ 55. Ke3 Rd8 {Source: Mike Alderson} 1-0

[Event "Midland Ch Forrest Cup"]
[Site "Derby"]
[Date "1989.03.11"]
[Round "3"]
[White "Lalic, Susan K"]
[Black "Barton, R Alan"]
[Result "0-1"]
[WhiteElo "2320"]
[BlackElo "2080"]
[PlyCount "78"]
[EventDate "1989.03.10"]
[EventType "swiss"]
[EventRounds "6"]
[EventCountry "ENG"]
[SourceTitle "BritBase"]
[Source "John Saunders"]
[SourceDate "2022.11.28"]
[SourceVersion "1"]
[SourceVersionDate "2022.08.23"]
[SourceQuality "1"]

1. e4 d5 2. exd5 Qxd5 3. d4 e5 4. dxe5 Qxd1+ 5. Kxd1 Nc6 6. Bb5 Bd7 7. Nf3
O-O-O 8. Bd2 Bc5 9. Nc3 a6 10. Ne4 Ba7 11. Bd3 Bg4 12. Bc3 Bd4 13. Bxd4 Nxd4
14. Neg5 Nh6 15. Kd2 c5 16. Nxd4 Rxd4 17. Ne4 c4 18. Nd6+ Rxd6 19. exd6 cxd3
20. cxd3 Kd7 21. Rac1 Kxd6 22. Rc4 Be6 23. Rb4 Bd5 24. Rc1 f5 25. a4 Ng4 26. f3
Nf6 27. a5 g5 28. d4 h5 29. Rc5 Nd7 30. Rc3 g4 31. Ke3 h4 32. fxg4 fxg4 33. Kf4
Bxg2 34. Kxg4 Nf6+ 35. Kg5 Ne4+ 36. Kg4 Nxc3 37. bxc3 h3 38. Rb6+ Kc7 39. c4
Re8 0-1

[Event "Midland Ch Forrest Cup"]
[Site "Derby"]
[Date "1989.03.11"]
[Round "3"]
[White "Ledger, Andrew J"]
[Black "Moulton, Paul J"]
[Result "1-0"]
[WhiteElo "2192"]
[BlackElo "2008"]
[PlyCount "43"]
[EventDate "1989.03.10"]
[EventType "swiss"]
[EventRounds "6"]
[EventCountry "ENG"]
[SourceTitle "BritBase"]
[Source "John Saunders"]
[SourceDate "2022.11.28"]
[SourceVersion "1"]
[SourceVersionDate "2022.08.23"]
[SourceQuality "1"]

1. Nf3 b6 2. e4 Bb7 3. Nc3 e6 4. d4 Bb4 5. Bd3 Nf6 6. Qe2 d5 7. exd5 Nxd5 8.
Bd2 Nxc3 9. bxc3 Be7 10. Ne5 O-O 11. O-O Nd7 12. f4 Nxe5 13. fxe5 Bg5 14. Bxh7+
Kxh7 15. Qh5+ Bh6 16. Bxh6 gxh6 17. Rf6 Qxf6 18. exf6 Rad8 19. Re1 Rd5 20. Re5
c5 21. g4 Rxe5 22. dxe5 1-0

[Event "Midland Ch Forrest Cup"]
[Site "Derby"]
[Date "1989.03.11"]
[Round "3"]
[White "Ledger, Stephen C"]
[Black "Dicks, Russell"]
[Result "1-0"]
[WhiteElo "2024"]
[BlackElo "1872"]
[PlyCount "95"]
[EventDate "1989.03.10"]
[EventType "swiss"]
[EventRounds "6"]
[EventCountry "ENG"]
[SourceTitle "BritBase"]
[Source "John Saunders"]
[SourceDate "2022.11.28"]
[SourceVersion "1"]
[SourceVersionDate "2022.08.23"]
[SourceQuality "1"]

1. f4 d5 2. Nf3 Nc6 3. e3 Bg4 4. d4 Nf6 5. c3 g5 6. Bd3 e6 7. Nbd2 gxf4 8. exf4
Bd6 9. g3 Qe7 10. Bb5 Bxf3 11. Qxf3 h5 12. a3 O-O-O 13. Bxc6 bxc6 14. b4 Rdg8
15. Bb2 h4 16. O-O-O a5 17. c4 dxc4 18. Qxc6 Nd5 19. Nxc4 axb4 20. a4 Qf8 21.
a5 Kd8 22. f5 Qe8 23. Qa6 hxg3 24. Nxd6 cxd6 25. hxg3 Qd7 26. Rhe1 Ke7 27. fxe6
fxe6 28. Qd3 Rc8+ 29. Kd2 Rh2+ 30. Re2 Rxe2+ 31. Kxe2 Rh8 32. Rf1 Qe8 33. a6
Rh2+ 34. Rf2 Qh5+ 35. Qf3 Rxf2+ 36. Kxf2 Qh2+ 37. Qg2 Qh7 38. a7 Qc2+ 39. Kg1
Qxg2+ 40. Kxg2 Nb6 41. Kf3 Kf7 42. g4 Kg6 43. Bc1 Kf6 44. Ke4 Kg6 45. Kd3 Kf7
46. Kc2 Ke8 47. Kb3 Kd7 48. g5 1-0

[Event "Midland Ch Forrest Cup"]
[Site "Derby"]
[Date "1989.03.11"]
[Round "3"]
[White "Naylor, John"]
[Black "Joshi, DM."]
[Result "1-0"]
[WhiteElo "1880"]
[BlackElo "2128"]
[PlyCount "113"]
[EventDate "1989.03.10"]
[EventType "swiss"]
[EventRounds "6"]
[EventCountry "ENG"]
[SourceTitle "BritBase"]
[Source "John Saunders"]
[SourceDate "2022.11.28"]
[SourceVersion "1"]
[SourceVersionDate "2022.08.23"]
[SourceQuality "1"]

1. e4 c5 2. Nf3 d6 3. d4 cxd4 4. Nxd4 Nf6 5. Nc3 g6 6. Be2 Bg7 7. O-O Nc6 8.
Nb3 O-O 9. Kh1 a5 10. a4 Be6 11. f4 Qc8 12. Be3 Nb4 13. Nd4 Bc4 14. f5 e5 15.
fxe6 fxe6 16. Ndb5 Bxe2 17. Qxe2 Qc6 18. Bg5 Rae8 19. Nxd6 Qxd6 20. e5 Qc5 21.
Bxf6 Nc6 22. Ne4 Qb6 23. Nd6 Qc5 24. Nxe8 Rxe8 25. Bxg7 Kxg7 26. Qf2 Qxf2 27.
Rxf2 Nxe5 28. Re2 Nc6 29. Rd1 Re7 30. Red2 Ne5 31. b3 h5 32. Kg1 g5 33. Re2 Nc6
34. Kf2 Kf6 35. Ke3 Kg6 36. Rd6 h4 37. Kd3 Kf5 38. Kc4 e5 39. Kb5 e4 40. Rxc6
bxc6+ 41. Kxa5 e3 42. Kb6 Ke4 43. a5 h3 44. a6 hxg2 45. Rxg2 Kf3 46. Rg1 e2 47.
a7 Re8 48. Kxc6 Kf2 49. Ra1 e1=Q 50. Rxe1 Kxe1 51. b4 Re6+ 52. Kb7 Re7+ 53. Kb6
Re6+ 54. Ka5 Re3 55. b5 Ra3+ 56. Kb6 Kf2 57. Kb7 1-0

[Event "Midland Ch Forrest Cup"]
[Site "Derby"]
[Date "1989.03.11"]
[Round "3"]
[White "Parker, Jonathan"]
[Black "Markham, Philip"]
[Result "1-0"]
[WhiteElo "1928"]
[BlackElo "1876"]
[PlyCount "103"]
[EventDate "1989.03.10"]
[EventType "swiss"]
[EventRounds "6"]
[EventCountry "ENG"]
[SourceTitle "BritBase"]
[Source "John Saunders"]
[SourceDate "2022.11.28"]
[SourceVersion "1"]
[SourceVersionDate "2022.08.23"]
[SourceQuality "1"]

1. d4 Nf6 2. c4 c5 3. d5 b5 4. Nf3 d6 5. Nbd2 e6 6. e4 exd5 7. exd5 g6 8. a4 b4
9. Bd3 Bg7 10. O-O O-O 11. Rb1 Nbd7 12. b3 Ng4 13. h3 Nge5 14. Nxe5 Nxe5 15.
Bc2 f5 16. f4 Nd7 17. Nf3 Re8 18. Re1 h6 19. Nh4 Bd4+ 20. Kf1 Kf7 21. Rxe8 Qxe8
22. Bxf5 Nf8 23. Bxc8 Rxc8 24. Qd3 Qe7 25. Nf3 Bc3 26. Bd2 Qf6 27. Re1 Re8 28.
Rxe8 Kxe8 29. Ke2 Bb2 30. g4 Qe7+ 31. Qe3 Bf6 32. Qxe7+ Bxe7 33. Kd3 Nh7 34. g5
hxg5 35. fxg5 Kf7 36. Bf4 Nf8 37. Nd2 Ke8 38. Ne4 Kd7 39. Ke3 Nh7 40. Kf3 Bf8
41. Kg4 Be7 42. h4 Bf8 43. h5 gxh5+ 44. Kxh5 Be7 45. Kg6 Nf8+ 46. Kf7 a6 47. g6
Nxg6 48. Kxg6 Bf8 49. Kf7 Be7 50. Bg5 Bxg5 51. Nxg5 a5 52. Ne4 1-0

[Event "Midland Ch Forrest Cup"]
[Site "Derby"]
[Date "1989.03.11"]
[Round "4"]
[White "Arkell, Keith C"]
[Black "Barton, R Alan"]
[Result "1/2-1/2"]
[WhiteElo "2440"]
[BlackElo "2080"]
[PlyCount "108"]
[EventDate "1989.03.10"]
[EventType "swiss"]
[EventRounds "6"]
[EventCountry "ENG"]
[SourceTitle "BritBase"]
[Source "John Saunders"]
[SourceDate "2022.11.28"]
[SourceVersion "1"]
[SourceVersionDate "2022.08.23"]
[SourceQuality "1"]

1. d4 c5 2. d5 Nf6 3. Nf3 g6 4. g3 Bg7 5. Bg2 d6 6. O-O O-O 7. c4 b5 8. cxb5 a6
9. bxa6 Bxa6 10. Nc3 Nbd7 11. Re1 Qb6 12. h3 Rfb8 13. e4 Ne8 14. Qc2 Nc7 15.
Rb1 Nb5 16. Na4 Qa7 17. Bg5 Ne5 18. Nxe5 Bxe5 19. Nc3 Nxc3 20. bxc3 Bc4 21. a4
Kg7 22. f4 $2 Rxb1 (22... Bd3 $1) 23. Rxb1 Bd3 $1 24. Qc1 Bf6 $2 (24... c4+ 25.
Kh2 Bd4 $1 26. Rb4 (26. cxd4 Bxb1 27. Qxb1 f6 28. Bh4 c3 $19) 26... Bc5 $19)
25. Bxf6+ exf6 26. Ra1 c4+ 27. Kh2 Qf2 28. Qa3 Rb8 29. Ra2 Qe3 30. Rb2 Qc1 31.
Ra2 Qb1 32. Ra1 Qc2 33. Qc1 Bxe4 34. Qxc2 Bxc2 35. a5 Bd3 36. Kg1 g5 37. a6 Kg6
38. a7 Ra8 39. Kf2 Kf5 40. Ke3 gxf4+ 41. gxf4 Re8+ 42. Kd4 Ra8 43. Ra6 Kxf4 44.
Rxd6 Kg3 45. Be4 Bxe4 46. Kxe4 Rxa7 47. Rxf6 h5 48. Kd4 h4 49. Kxc4 Kxh3 50.
Kb5 Kg2 51. Kb6 Ra3 52. c4 h3 53. Rh6 h2 54. d6 Rd3 1/2-1/2

[Event "Midland Ch Forrest Cup"]
[Site "Derby"]
[Date "1989.03.11"]
[Round "4"]
[White "Arnold, Martin J"]
[Black "Buxton, David E"]
[Result "0-1"]
[WhiteElo "1824"]
[BlackElo "2032"]
[PlyCount "92"]
[EventDate "1989.03.10"]
[EventType "swiss"]
[EventRounds "6"]
[EventCountry "ENG"]
[SourceTitle "BritBase"]
[Source "John Saunders"]
[SourceDate "2022.11.28"]
[SourceVersion "1"]
[SourceVersionDate "2022.08.23"]
[SourceQuality "1"]

1. d4 Nf6 2. c4 e6 3. Nf3 d5 4. Nc3 c6 5. Bg5 Bb4 6. Qc2 dxc4 7. e4 Be7 8. Bxc4
Nbd7 9. O-O b5 10. Bd3 h6 11. Bh4 Qb6 12. e5 Nd5 13. Nxd5 cxd5 14. Bxe7 Kxe7
15. Rfc1 Rb8 16. Qc7 a6 17. Rc6 Qxc7 18. Rxc7 Bb7 19. Nd2 Rhc8 20. Rac1 Kd8 21.
Rxc8+ Rxc8 22. Rxc8+ Bxc8 23. Kf1 Nb6 24. Ke2 Na4 25. b3 Nc3+ 26. Ke3 Nxa2 27.
f4 Nb4 28. Be2 Bd7 29. g4 a5 30. g5 a4 31. bxa4 bxa4 32. Bd1 a3 33. Bb3 a2 34.
Bxa2 Nxa2 35. h4 Ke8 36. gxh6 gxh6 37. Kf3 Ba4 38. f5 exf5 39. Kf4 Bc2 40. Nf1
Nb4 41. Ne3 Be4 42. Nxf5 Bxf5 43. Kxf5 Nc2 44. e6 Nxd4+ 45. Ke5 Nxe6 46. Kxd5
Ke7 0-1

[Event "Midland Ch Forrest Cup"]
[Site "Derby"]
[Date "1989.03.11"]
[Round "4"]
[White "Buckley, Graeme N"]
[Black "Parker, Jonathan"]
[Result "0-1"]
[WhiteElo "2232"]
[BlackElo "1928"]
[PlyCount "106"]
[EventDate "1989.03.10"]
[EventType "swiss"]
[EventRounds "6"]
[EventCountry "ENG"]
[SourceTitle "BritBase"]
[Source "John Saunders"]
[SourceDate "2022.11.28"]
[SourceVersion "1"]
[SourceVersionDate "2022.08.23"]
[SourceQuality "1"]

1. d4 Nf6 2. g3 e6 3. Bg2 c5 4. c3 cxd4 5. cxd4 d5 6. Nf3 Bd6 7. O-O O-O 8. Bf4
Bxf4 9. gxf4 Nc6 10. Nc3 b6 11. Rc1 Bb7 12. Ne5 Rc8 13. e3 Ne8 14. Qa4 f6 15.
Nd3 Nd6 16. Rc2 a6 17. b3 Rf7 18. Qa3 Rfc7 19. Qb2 a5 20. Rfc1 Ba6 21. Ne1 Nb4
22. Rd2 Nb5 23. Ne2 Rxc1 24. Nxc1 Qc7 25. Ncd3 Nxd3 26. Nxd3 Qc3 27. Bf1 Nd6
28. f3 Qxb2 29. Rxb2 Rc3 30. Rd2 Kf7 31. Kf2 Ke7 32. Be2 Nf5 33. Nb2 Bxe2 34.
Rxe2 b5 35. Nd1 Rc1 36. Rd2 Kd6 37. e4 Ne7 38. Ke3 Nc6 39. h4 Nb4 40. h5 Kc6
41. e5 f5 42. Nb2 Rc2 43. a3 Rc3+ 44. Ke2 Na6 45. Rd3 Rc2+ 46. Rd2 Rc3 47. Kd1
Rxb3 48. Rc2+ Kd7 49. Rg2 g6 50. Kc2 Rxa3 51. hxg6 hxg6 52. Rxg6 Rxf3 53. Rg7+
Kc6 {"etc. Black won later in a furious mutual time scramble" (bulletin)} 0-1

[Event "Midland Ch Forrest Cup"]
[Site "Derby"]
[Date "1989.03.11"]
[Round "4"]
[White "Dicks, Duncan"]
[Black "Khan, Tariq Ul-Alam"]
[Result "0-1"]
[WhiteElo "2072"]
[BlackElo "1920"]
[PlyCount "78"]
[EventDate "1989.03.10"]
[EventType "swiss"]
[EventRounds "6"]
[EventCountry "ENG"]
[SourceTitle "BritBase"]
[Source "John Saunders"]
[SourceDate "2022.11.28"]
[SourceVersion "1"]
[SourceVersionDate "2022.08.23"]
[SourceQuality "1"]

1. e4 g6 2. d4 Bg7 3. Nc3 c6 4. Be3 d6 5. f4 Nf6 6. Be2 O-O 7. Bf3 Na6 8. Nge2
Nc7 9. Ng3 b5 10. O-O b4 11. Nce2 d5 12. e5 Ng4 13. Bd2 a5 14. f5 Nh6 15. f6
exf6 16. exf6 Qxf6 17. Bxd5 Qd6 18. Bxh6 Nxd5 19. Bxg7 Kxg7 20. Qd2 h6 21. Nf4
Nxf4 22. Rxf4 f5 23. Re1 Bd7 24. Re5 a4 25. c4 bxc3 26. Qxc3 Rae8 27. Rf1 Kh7
28. Rfe1 Rxe5 29. Rxe5 Re8 30. Qc5 Qxc5 31. Rxc5 f4 32. Nf1 Re2 33. Ra5 Be6 34.
Re5 Rxe5 35. dxe5 Bxa2 36. Kf2 Bd5 37. g3 g5 38. gxf4 gxf4 39. Ke2 Bc4+ 0-1

[Event "Midland Ch Forrest Cup"]
[Site "Derby"]
[Date "1989.03.11"]
[Round "4"]
[White "Edwards, P."]
[Black "Paterson, Andrew I"]
[Result "1-0"]
[WhiteElo "1968"]
[BlackElo "1784"]
[PlyCount "31"]
[EventDate "1989.03.10"]
[EventType "swiss"]
[EventRounds "6"]
[EventCountry "ENG"]
[SourceTitle "BritBase"]
[Source "John Saunders"]
[SourceDate "2022.11.28"]
[SourceVersion "1"]
[SourceVersionDate "2022.08.23"]
[SourceQuality "1"]

1. e4 e5 2. Nf3 Nc6 3. Bb5 a6 4. Ba4 Nf6 5. d4 b5 6. dxe5 Nxe4 7. Bb3 Bb4+ 8.
c3 Nxf2 9. Qd5 O-O 10. O-O Bxc3 11. Nxc3 Ng4 12. h3 Nh6 13. Bxh6 gxh6 14. Ne4
Bb7 15. Nf6+ Kh8 16. Qd3 1-0

[Event "Midland Ch Forrest Cup"]
[Site "Derby"]
[Date "1989.03.11"]
[Round "4"]
[White "Escott, Keith L"]
[Black "Naylor, John"]
[Result "0-1"]
[WhiteElo "2064"]
[BlackElo "1880"]
[PlyCount "54"]
[EventDate "1989.03.10"]
[EventType "swiss"]
[EventRounds "6"]
[EventCountry "ENG"]
[SourceTitle "BritBase"]
[Source "John Saunders"]
[SourceDate "2022.11.28"]
[SourceVersion "1"]
[SourceVersionDate "2022.08.23"]
[SourceQuality "1"]

1. e4 e6 2. d4 d5 3. Nd2 Nf6 4. e5 Nfd7 5. f4 c5 6. c3 Nc6 7. Ndf3 Qb6 8. h4
cxd4 9. cxd4 Bb4+ 10. Kf2 f6 11. Kg3 O-O 12. Bd3 Nxd4 13. Nxd4 fxe5 14. fxe5
Nxe5 15. Ndf3 Bd6 16. Nxe5 Bxe5+ 17. Kh3 Qf2 18. Bxh7+ Kh8 19. Qd3 Bc7 20. g4
e5 21. Qc2 Qf1+ 22. Kg3 Bd6 23. Qg6 Rf2 24. Qe8+ Kxh7 25. Qh5+ Kg8 26. Qe8+ Bf8
27. h5 Qg2+ 0-1